Every British Overseas Territories - Statistics

General Stats
  • This quiz has been taken 51 times
  • The average score is 8 of 14
Answer Stats
Population Answer % Correct
62,506 Bermuda
78%
31,758 British Virgin Islands
75%
3,377 Falkland Islands
70%
33,701 Gibraltar
63%
6 British Indian Ocean Territory
53%
78,554 Cayman Islands
53%
5,215 Montserrat
53%
35 Pitcairn Islands
53%
5,633 Saint Helena, Ascension, and Tristan da Cunha
53%
38,191 Turks and Caicos Islands
53%
14,869 Anguilla
48%
0 South Georgia and the South Sandwich Islands
43%
7,700 Akrotiri and Dhekelia
33%
0 British Antarctic Territory
28%
No matching quizzes found
Score Distribution
Percent of People with Each Score
Percentile by Number Answered
Your Score History
You have not taken this quiz